000 00260nam a22001097a 4500
082 _a530 HAN
100 _aHANSON C.G
_978597
245 _aPROBLEMS AND EXAMPLES IN PHYSICS FOR ONC/OND
260 _aNEW YORK
_bMCGRAW HILL
_c1970
300 _a200P
942 _cBK
999 _c583705
_d583705